LEADER 00747nam a2200193 4500 001 000000330929 003 CaOOAMICUS 005 20181026135108.0 008 181026s2004 ne 000 u eng r 022 $a1573-5664 040 $aSeMil$bita 245 00$aStudies in the history of Christian traditions. 264 1$aLeiden [etc.] :$bBrill,$c2004- 300 $av. ;$c25 cm 785 00$tStudies in the history of christian thought.$dLeiden : E. J. Brill, 1966.$x0081-8607$w()22630 996 $6022$a1573-5664$9(OLS)http://semarc/number/285480 996 $6245$aStudies in the history of Christian traditions$9(OLS)http://semarc/title/419554 996 $6264$aLeiden [etc.] :$bBrill$9(OLS)http://semarc/publisher/30071 LEADER 01152nam a2200265 i 4500 001 000000039756 003 CaOOAMICUS 005 20140321000000.0 008 140321s1962 it u000 u ita u 013 $a10912 040 $aSeMil$bita 100 1 $aTeilhard de Chardin, Pierre .$0(OLS)http://semarc/name/4251 240 10$aLettres de voyage 1923-1955.$0(OLS)http://semarc/title/56797 245 10$aLettere di viaggio /$cPierre Teilhard de Chardin ; raccolte e presentate da Claude Aragonnès. 260 $aMilano :$bFeltrinelli,$c1962. 300 $aXXV, 315 p., [1] ritr. ;$c23 cm. 490 0 $aEpistolari 650 4$aTeilhard de Chardin, Pierre - Lettere e carteggi.$0(OLS)http://semarc/subject/8247 700 1 $aAragonnès, Claude.$0(OLS)http://semarc/name/19335 830 0$aEpistolari.$0(OLS)http://semarc/title/38004 850 $aSeMil 852 $aSeMil$W1$xVenegono$y1$m2K VII 36$j5911$B5911$CSeMilBibl$Z2$F5911 $81 961 $aOmaggio: Donazione 996 $6245$aLettere di viaggio$9(OLS)http://semarc/title/56796 996 $6260$aMilano :$bFeltrinelli$9(OLS)http://semarc/publisher/30237 LEADER 00719nam a2200169 i 4500 001 000000056917 003 CaOOAMICUS 005 19970917000000.0 008 970917n it u000 u ita u 013 $a28089 040 $aSeMil$bita 100 1 $aVenditti, Vincenzo.$0(OLS)http://semarc/name/19808 245 13$aLa leggenda medioevale di Lidano d'Antena, fondatore dell'Abbazia di S. Cecilia nell'Agro Pontino. 650 4$aTesi di laurea.$0(OLS)http://semarc/subject/1690 850 $aSeMil 852 $aSeMil$W1$xVenegono$y1$m2I V 24$j23071$B23071$CSeMilBibl$Z2$F23073 $81 996 $6245$aLa leggenda medioevale di Lidano d'Antena, fondatore dell'Abbazia di S. Cecilia nell'Agro Pontino$9(OLS)http://semarc/title/88533